|
|
|
|
| LEADER |
00000nas a2200000 a 4500 |
| 001 |
ssj0005494 |
| 003 |
WaSeSS |
| 005 |
20200512172242.0 |
| 006 |
m d |
| 007 |
cr n |
| 008 |
960104d19962002caumr p s 0 a0eng c |
| 010 |
|
|
|a sn 95002513
|
| 022 |
|
|
|l 1086-556X
|y 1086-556X
|
| 030 |
|
|
|a WETEFA
|
| 035 |
|
|
|a (WaSeSS)ssj0005494
|
| 037 |
|
|
|b Miller Freeman, Inc., 600 Harrison St., San Francisco, CA 94107
|c $34.95
|
| 040 |
|
|
|a NSD
|b eng
|c NSD
|d CAS
|d GUA
|d OCL
|d DLC
|d HNK
|d NSD
|d NLGGC
|d OCLCQ
|d OCLCF
|d OCLCO
|d I8M
|d OCLCQ
|d GILDS
|d OCLCO
|d WaSeSS
|
| 042 |
|
|
|a nsdp
|a pcc
|
| 050 |
1 |
4 |
|a TK5105.888
|b .W434
|
| 082 |
1 |
0 |
|a 004
|2 12
|
| 210 |
0 |
|
|a Web tech.
|
| 222 |
|
0 |
|a Web techniques
|
| 245 |
0 |
0 |
|a Web techniques
|h [electronic resource].
|
| 260 |
|
|
|a San Francisco, CA :
|b Miller Freeman, Inc.,
|c -2002.
|
| 310 |
|
|
|a Monthly
|
| 362 |
0 |
|
|a -v. 7, issue 2 (Feb. 2002).
|
| 362 |
1 |
|
|a Began in 1996.
|
| 500 |
|
|
|a "Solutions for internet and web developers."
|
| 506 |
|
|
|a License restrictions may limit access.
|
| 588 |
|
|
|a Description based on: Vol. 1, issue 6 (Sept. 1996); title from cover.
|
| 650 |
|
0 |
|a World Wide Web
|v Periodicals.
|
| 650 |
|
0 |
|a Web sites
|x Design
|v Periodicals.
|
| 650 |
|
0 |
|a Web publishing
|v Periodicals.
|
| 650 |
|
7 |
|a Web publishing.
|2 fast
|0 (OCoLC)fst01173231
|
| 650 |
|
7 |
|a Web sites
|x Design.
|2 fast
|0 (OCoLC)fst01173252
|
| 650 |
|
7 |
|a World Wide Web.
|2 fast
|0 (OCoLC)fst01181326
|
| 650 |
1 |
7 |
|a Internet.
|2 gtt
|
| 655 |
|
0 |
|a Electronic journals.
|
| 785 |
0 |
0 |
|t New architect
|x 1537-9000
|w (DLC) 2001211945
|w (OCoLC)48481172
|
| 850 |
|
|
|a GU
|
| 856 |
4 |
0 |
|z Full text available from Research Library: 01/01/1998 to 02/28/2002
|u https://search.proquest.com/publication/8670
|